Meadow

Bibliographic Details
Main Author: Taylor, Barbara
Format: Book
Published: London : Dorling Kindersley , 1992
Series:Look Closer
Subjects:

MARC

LEADER 00000cam a2200000 7i4500
001 0000001387
002 000001526
005 20060206.0
020 |a 0863188982 
090 0 0 |a 001   |b TAY 
100 1 |a Taylor, Barbara 
245 1 0 |a Meadow   |c Barbara Taylor ; photographed by Kim Taylor and Jane Burton 
260 |a London :   |b Dorling Kindersley ,   |c 1992 
300 |a 29 p. :   |b ill. ;   |c 28 cm. 
490 0 |a Look Closer 
650 0 0 |a Meadows   |x Juvenile literature 
999 |a 031050   |b BUKU   |c JUNIOR BOOKS   |e PERPUSTAKAAN KOMUNITI PETALING JAYA